Turkish 2000s Music Quiz: Name the Artist - Statistics

General Stats
  • This quiz has been taken 41 times
  • The average score is 11 of 30
Answer Stats
Song Release Date Artist % Correct
Kuzu kuzu 2001 Tarkan
94%
Deli oğlan 2008 Hadise
71%
Pazara kadar 2002 Mustafa Sandal
71%
Bir derdim var 2004 mor ve ötesi
66%
Aramam 2004 İbrahim Tatlıses
57%
Beni benimle bırak 2009 maNga
51%
Böyle kahpedir dünya 2007 Gripin
49%
Afili yalnızlık 2006 Emre Aydın
46%
...Dan sonra 2007 Sıla & Kenan Doğulu
46%
Aşk kırıntıları 2006 Teoman
46%
Ölürüm hasretinle 2005 Seksendört
40%
Cesaretin var mı aşka 2004 Gülay
37%
Ben şarkımı söylerken 2003 Şebnem Ferah
37%
Uçurum 2008 Murat Boz
34%
Kasaba 2008 Murat Dalkılıç
31%
Bu böyle 2009 Sertab Erener
31%
Bu kadar mı? 2004 Emre Altuğ
29%
Tıkla 2004 İsmail YK
29%
Korkma kalbim 2007 Bengü
26%
Aman 2006 Eylem
23%
Aramazsan arama 2001 Gökhan Özen
23%
Canın sağolsun 2006 Gülşen
23%
Yalan 2004 Athena
20%
Günün birinde 2001 Göksel
20%
Benim için üzülme 2006 Funda Arar
17%
Unut beni 2004 Gece Yolcuları
17%
Yürü yüreğim 2006 Gökhan Tepe
17%
Eğer 2008 Ebru Yaşar
11%
İlla ki 2000 Hakan Peker
11%
Nankör 2005 Murat Başaran
9%
No matching quizzes found
Score Distribution
Percent of People with Each Score
Percentile by Number Answered
Your Score History
You have not taken this quiz